Underground
| Format: | Book |
|---|---|
| Published: |
London :
MacDonald & Co (Publishers) Ltd ,
1984
|
| Series: | My first library
|
MARC
| LEADER | 00000cam a2200000 7i4500 | ||
|---|---|---|---|
| 001 | 0000007793 | ||
| 002 | 000008363 | ||
| 005 | 20000330.0 | ||
| 020 | |a 0750000260 | ||
| 090 | 0 | 0 | |a J 001 |b FIR |
| 245 | 0 | 0 | |a Underground |
| 260 | |a London : |b MacDonald & Co (Publishers) Ltd , |c 1984 | ||
| 300 | |a 31 p. ; |c 17 cm. | ||
| 490 | 0 | |a My first library | |
| 999 | |a 024068 |b BUKU |c PINJAMAN |e PERPUSTAKAAN KOMUNITI PETALING JAYA | ||